| 000 | 00000nam##2200000za#4500 |
| 001 | 9.597976 |
| 003 | CaOODSP |
| 005 | 20210624204317 |
| 007 | cr ||||||||||| |
| 008 | 150406|1999||||xxc|||||o f|0| 0 fre|d |
| 040 | |aCaOODSP|bfre |
| 043 | |an-cn--- |
| 086 | 1 |aTU3-5/99-9F-PDF |
| 110 | 2 |aBureau de la sécurité des transports du Canada. |
| 245 | 10|aPassager blessé lors de sa descente de l'avion - Air Canada Boeing 767-200, C-FBEM, St. John's (Terre-Neuve), 31 mars 1999 |h[ressource électronique] |
| 260 | |aGatineau - Québec : |bBureau de la sécurité des transports du Canada |c[1999]. |
| 300 | |a6p.|bill. |
| 490 | 1 |aRapport d'enquête aéronautique |vA99A0046 |
| 500 | |a«Le présent rapport met fin à l'enquête du Bureau de la sécurité des transports sur cet accident. La publication de ce rapport a été autorisé le 22 octobre 1999 par le Bureau ...»--Page 6 sur 6. |
| 590 | |a10-10-Supp|b2010-11-09 |
| 775 | 08|tInjuries to person while deplaning - Air Canada Boeing 767-200, C-FBEM, St. John's, Newfoundland, 31 March 1999 |w(CaOODSP)9.566503 |
| 830 | #0|aRapport d'enquête aéronautique ;|vA99A0046|w(CaOODSP)9.501229 |
| 856 | 40|ahttp://publications.gc.ca|qPDF|s71 Ko|uhttps://publications.gc.ca/collections/collection_2009/bst-tsb/TU3-5-99-9F.pdf|yA99A0046 |